| 000 | 01052nam0a22003611 4500 | ||
|---|---|---|---|
| 001 | RU\NLR\A1SV\53219 | ||
| 005 | 20251203171251.9 | ||
| 035 | _a(NLR Aleph) 009735184 | ||
| 090 |
_a9923583 _c9923583 |
||
| 100 | _a20050612d1926 u y0rusy50 ca | ||
| 101 | 0 | _arus | |
| 102 | _aRU | ||
| 200 | 1 |
_aУлучшение семян и посевов _fС.С.Кислянский |
|
| 210 |
_aМ. _aЛ. _cГос. изд. _d1926 |
||
| 215 |
_a78, [1] с. _cил., черт. _d21 см |
||
| 225 | _aПособия для с.-х. кружков | ||
| 300 | _aНапеч. в Москве | ||
| 320 | _aБиблиогр.: с.78 | ||
| 620 | _dМосква | ||
| 620 | _dСанкт-Петербург | ||
| 700 | 1 |
_aКислянский _bС.С. _gСергей Семенович |
|
| 801 | 0 |
_aRU _bNLR _c20050612 |
|
| 852 |
_aNLR _j38/911 |
||
| 852 |
_aNLR _j38/911а |
||
| 899 | _aБАН | ||
| 899 | _aСамОУНБ | ||
| 899 | _aРГБ | ||
| 899 | _aНБУВ | ||
| 899 | _aКирОУНБ | ||
| 942 | _cBOOK | ||
| 980 | _aNB | ||
| 980 | _aA1SV | ||